000 00577nam a2200205Ia 4500
005 20250508162210.0
008 008 250505s9999 xx 000 0 eng d
037 _aTextual
040 _aFEDL
_beng
_cFEDL
041 _aeng
_2eng
084 _a155.45, CRU
_qFEDL
100 _aCruickshank William M. Ed.
245 0 _aPsychology of exceptional children and youth
250 _a4th
260 _aEnglewood Cliffs
_b Prentice-Hall
_c1980
300 _axi,595p.
650 _aChild Psychology
942 _cTEXL
_h155.45, CRU
999 _c1374971
_d1374971